000 00621nas a2200229 4500
001 BR9506359
003 BR-BrBNA
005 20231205094452.0
007 ta
008 230509b bl.|||p| |||| 00| 00por d
040 _aBR-BrBNA
_bpor
_cBiblioteca Nacional de Agricultura
041 _a(Pt)
072 _aL10
100 1 _aBriquet Junior R.
245 1 _aAs racas autosexaveis
650 _aGalinha
650 _aGene
650 _aTeste de Progenie
773 0 _tAgronomia (Brazil)
_x
_g(Jan-Dec 1964), v. 22(no. Unico) p. 145-148
_wBR9506359
909 _a202311
_bLúcia
_c55
_dLúcia Elande
942 _2AGRIS
_n0
_cANA
999 _c144545
_d144545